000 00511cam a2200169 4500500
005 20260405001739.0
041 _afre
042 _adc
100 1 0 _aTenaillon, Nicolas
_eauthor
245 0 0 _aNarcisse et ses avatars
260 _c2014.
500 _a9
690 _aAbécédaire
690 _aYves Michaud
786 0 _nPhilosophie magazine | 79 | 5 | 2014-05-01 | p. 80-80 | 1951-1787
856 4 1 _uhttps://shs.cairn.info/magazine-philosophie-magazine-2014-5-page-80?lang=fr&redirect-ssocas=7080
999 _c2050641
_d2050641